Bestie ich in Mexiko (Record no. 2716)

MARC details
000 -CABECERA
campo de control de longitud fija 00478nam a2200181 a 4500
001 - NÚMERO DE CONTROL
campo de control BRCA_2977
005 - FECHA Y HORA DE LA ÚLTIMA TRANSACCIÓN
campo de control 20190320204043.0
008 - DATOS DE LONGITUD FIJA--INFORMACIÓN GENERAL
campo de control de longitud fija 181208s1927----gw-a---###---#000-0#ger-#
050 #4 - SIGNATURA TOPOGRÁFICA DE LA BIBLIOTECA DEL CONGRESO
Número de clasificación F1234
Número de documento/Ítem .L64 1927
100 1# - ENTRADA PRINCIPAL--NOMBRE DE PERSONA
Nombre de persona Löhndorff, Ernest F.
9 (RLIN) 8254
245 10 - MENCIÓN DE TÍTULO
Título Bestie ich in Mexiko
Mención de responsabilidad, etc. Ernst F. Lohndorff.
260 ## - PUBLICACIÓN, DISTRIBUCIÓN, ETC.
Lugar de publicación, distribución, etc. Stutgart, Alemania
Nombre del editor, distribuidor, etc. Dieck
Fecha de publicación, distribución, etc. 1927
300 ## - DESCRIPCIÓN FÍSICA
Extensión 523 p.
Otras características físicas il.
Dimensiones 20 cm.
500 ## - NOTA GENERAL
Nota general B84
651 #4 - PUNTO DE ACCESO ADICIONAL DE MATERIA--NOMBRE GEOGRÁFICO
Nombre geográfico México
Subdivisión general Historia
9 (RLIN) 614
902 ## - CATALOGADOR
Iniciales GFM
942 ## - ELEMENTOS DE PUNTO DE ACCESO ADICIONAL (KOHA)
Fuente del sistema de clasificación o colocación Library of Congress Classification
Tipo de ítem Koha Libros
Holdings
Estado de retiro Estado de pérdida Estado dañado No para préstamo Localización permanente Ubicación/localización actual Fecha de adquisición Número de inventario Total de préstamos Signatura topográfica completa Código de barras Fecha visto por última vez Precio válido a partir de Tipo de ítem Koha
El ejemplar forma parte de la colección y puede ser consultado según las políticas vigentes.       Biblioteca del Museo Franz Mayer (Rogerio Casas-Alatriste) Biblioteca del Museo Franz Mayer (Rogerio Casas-Alatriste) 18/12/2008 B84   F1234 .L64 1927 (B84) 2974 22/03/2019 22/03/2019 Libros